Analysis of competetiveness of the Slovak business environment

Hodnotenie kvality podnikateľského prostredia a jej vplyv na konkurencieschopnosť podniku. Kritériá hodnotenia podnikateľského prostredia. Najpozitívnejšie a najnegatívnejšie hodnotené oblasti podnikateľského prostredia na Slovensku podľa vybraných ukazovateľov, 2016.

Gespeichert in:
Bibliographische Detailangaben
1. Verfasser: Krošláková, Monika, 1975-
Weitere Verfasser: Kubičková, Viera, 1970-, Michálková, Anna, 1968-
Format: Buchkapitel
Sprache:Englisch
Schlagworte:
Tags: Tag hinzufügen
Keine Tags, Fügen Sie das erste Tag hinzu!

MARC

LEADER 00000nla a2200000 4500
001 0237194
005 20240502083634.1
041 0 |a eng 
044 |a CZ 
245 1 0 |a Analysis of competetiveness of the Slovak business environment  |c Monika Krošláková, Viera Kubičková, Anna Michálková 
520 |a Hodnotenie kvality podnikateľského prostredia a jej vplyv na konkurencieschopnosť podniku. Kritériá hodnotenia podnikateľského prostredia. Najpozitívnejšie a najnegatívnejšie hodnotené oblasti podnikateľského prostredia na Slovensku podľa vybraných ukazovateľov, 2016. 
610 2 0 |a prostredie podnikateľské 
610 2 0 |a kvalita 
610 2 0 |a konkurencieschopnosť 
610 2 0 |a indexy 
610 2 0 |a právo 
610 2 0 |a financie 
610 2 0 |a výkonnosť ekonomiky 
610 2 0 |a korupcia 
610 2 0 |a Slovensko 
610 2 0 |a analýza ekonomická 
100 1 |a Krošláková, Monika, 1975- 
700 1 |a Kubičková, Viera, 1970- 
700 1 |a Michálková, Anna, 1968-